Algebra 2 (Record no. 11749)

MARC details
000 -LEADER
fixed length control field 00708nam a22002417i 4500
003 - CONTROL NUMBER IDENTIFIER
control field URS
005 - DATE AND TIME OF LATEST TRANSACTION
control field 20220117094726.0
008 - FIXED-LENGTH DATA ELEMENTS--GENERAL INFORMATION
fixed length control field 200129b ||||| |||| 00| 0 eng d
020 ## - INTERNATIONAL STANDARD BOOK NUMBER
International Standard Book Number 9781602773035
040 ## - CATALOGING SOURCE
Original cataloging agency DLC
Language of cataloging eng
Description conventions rda
Transcribing agency DMLUC
Modifying agency URSR
050 00 - LIBRARY OF CONGRESS CALL NUMBER
Classification number QA 152
Item number S 9 2009
100 ## - MAIN ENTRY--PERSONAL NAME
Personal name Saxon
245 ## - TITLE STATEMENT
Title Algebra 2
Statement of responsibility, etc. Saxon
250 ## - EDITION STATEMENT
Edition statement Student Edition
264 #1 - PRODUCTION, PUBLICATION, DISTRIBUTION, MANUFACTURE, AND COPYRIGHT NOTICE
Place of production, publication, distribution, manufacture Orlando, FL
Name of producer, publisher, distributor, manufacturer HMH Supplemental Publishers Incorporated
Date of production, publication, distribution, manufacture, or copyright notice 2009.
336 ## - CONTENT TYPE
Content type term text
Content type code txt
Source rdacontent
337 ## - MEDIA TYPE
Media type term unmediated
Media type code n
Source rdamedia
338 ## - CARRIER TYPE
Carrier type term volume
Carrier type code nc
Source rdacarrier
300 ## - PHYSICAL DESCRIPTION
Extent 964 pages
Other physical details Colored, Illustration.
Dimensions 28.5 cm
504 ## - BIBLIOGRAPHY, ETC. NOTE
Bibliography, etc. note Includes Glossary and Index
650 ## - SUBJECT ADDED ENTRY--TOPICAL TERM
Source of heading or term Algebra
942 ## - ADDED ENTRY ELEMENTS (KOHA)
Source of classification or shelving scheme Library of Congress Classification
Koha item type Foreign Books
Edition Student Edition
Holdings
Withdrawn status Source of classification or shelving scheme Damaged status Not for loan Home library Current library Shelving location Date acquired Source of acquisition Total Checkouts Full call number Barcode Date last seen Copy number Price effective from Koha item type
  Library of Congress Classification     Rodriguez College Library Rodriguez College Library Reference 01/29/2020 Donation   QA 152 S 9 2009 URSROD-4836 01/29/2020 C1 01/29/2020 Foreign Books
  Library of Congress Classification     Rodriguez College Library Rodriguez College Library Reference 01/29/2020 Donation   QA 152 S 9 2009 URSROD-4837 01/29/2020 C2 01/29/2020 Foreign Books
  Library of Congress Classification     Rodriguez College Library Rodriguez College Library Reference 01/29/2020 Donation   QA 152 S 9 2009 URSROD-4838 01/29/2020 C3 01/29/2020 Foreign Books
  Library of Congress Classification     Rodriguez College Library Rodriguez College Library Reference 01/29/2020 Donation   QA 152 S 9 2009 URSROD-4839 01/29/2020 C4 01/29/2020 Foreign Books
  Library of Congress Classification     Rodriguez College Library Rodriguez College Library Reference 01/29/2020 Donation   QA 152 S 9 2009 URSROD-4840 01/29/2020 C5 01/29/2020 Foreign Books
  Library of Congress Classification     Rodriguez College Library Rodriguez College Library Reference 01/29/2020 Donation   QA 152 S 9 2009 URSROD-4841 01/29/2020 C6 01/29/2020 Foreign Books
  Library of Congress Classification     Rodriguez College Library Rodriguez College Library Reference 01/29/2020 Donation   QA 152 S 9 2009 URSROD-4842 01/29/2020 C7 01/29/2020 Foreign Books
  Library of Congress Classification     Rodriguez College Library Rodriguez College Library Reference 01/29/2020 Donation   QA 152 S 9 2009 URSROD-4843 01/29/2020 C8 01/29/2020 Foreign Books
  Library of Congress Classification     Rodriguez College Library Rodriguez College Library Reference 01/29/2020 Donation   QA 152 S 9 2009 URSROD-4844 01/29/2020 C9 01/29/2020 Foreign Books
  Library of Congress Classification     Rodriguez College Library Rodriguez College Library Reference 01/29/2020 Donation   QA 152 S 9 2009 URSROD-4845 01/29/2020 C10 01/29/2020 Foreign Books

University of Rizal System
Email us at univlibservices@urs.edu.ph

Visit our Website www.urs.edu.ph/library